000 00315nam a2200109Ia 4500
008 200302s9999 xx 000 0 und d
100 _aBert Bielefeld and Others
245 _aBasics Fundamentals of Presentation Technical Drawing
260 _bBirkhauser Publlisher for Architecture
260 _c2013
300 _a76 P
999 _c4254
_d4254